The Project Workout: A Toolkit for reaping the rewards from all your business projects (Record no. 1085959)

MARC details
000 -LEADER
fixed length control field 00380nam a2200121Ia 4500
008 - FIXED-LENGTH DATA ELEMENTS--GENERAL INFORMATION
fixed length control field 231228s1997 xx 000 0 und d
041 ## - LANGUAGE CODE
Language code of text/sound track or separate title eng
082 ## - DEWEY DECIMAL CLASSIFICATION NUMBER
Classification number 658.4`04
Item number BUT
100 ## - MAIN ENTRY--PERSONAL NAME
Personal name BUTTRICK (Robert)
245 ## - TITLE STATEMENT
Title The Project Workout: A Toolkit for reaping the rewards from all your business projects
260 ## - PUBLICATION, DISTRIBUTION, ETC.
Place of publication, distribution, etc. London
Name of publisher, distributor, etc. Pitman Publication London
Date of publication, distribution, etc. 1997
300 ## - PHYSICAL DESCRIPTION
Extent XXII,407

No items available.